| 000 | 00000nam 2200000za 4500 |
| 001 | 9.837727 |
| 003 | CaOODSP |
| 005 | 20221107151216 |
| 007 | cr ||||||||||| |
| 008 | 170605s1968 onc #o f000 0 eng d |
| 040 | |aCaOODSP|beng |
| 043 | |an-cn--- |
| 086 | 1 |aR5-236/1968E-PDF |
| 245 | 00|aSocial Affairs Branch program review guidelines |h[electronic resource]. |
| 260 | |a[Ottawa?] : |bDepartment of Indian Affairs and Northern Development, |c1968. |
| 300 | |a[153] p. |
| 500 | |a"November, 1968." |
| 500 | |aTitle from cover. |
| 500 | |aDigitized edition from print [produced by Indigenous and Northern Affairs Canada]. |
| 520 | |aThis document outline the objectives, administrative policy, costing elements and units of measurement for program parts and sections of the review guidelines within Indian Affairs Branch. |
| 692 | 07|2gccst|aAboriginal programs |
| 692 | 07|2gccst|aSocial programs |
| 692 | 07|2gccst|aReview |
| 710 | 1 |aCanada. |bIndian Affairs Branch. |
| 710 | 1 |aCanada. |bIndian and Northern Affairs Canada. |
| 856 | 40|qPDF|s11.16 MB|uhttps://publications.gc.ca/collections/collection_2017/aanc-inac/R5-236-1968-eng.pdf |